Whales and dolphins / (Record no. 740)

MARC details
000 -LEADER
fixed length control field 01678cam a22003857a 4500
005 - DATE AND TIME OF LATEST TRANSACTION
control field 20230908135453.0
020 ## - INTERNATIONAL STANDARD BOOK NUMBER
International Standard Book Number 9780439560603
040 ## - CATALOGING SOURCE
Original cataloging agency CHY
Transcribing agency CHY
Modifying agency IHI
-- OCLCQ
-- DLC
Language of cataloging eng
050 00 - LIBRARY OF CONGRESS CALL NUMBER
Classification number QL737.C4
082 ## - DEWEY DECIMAL CLASSIFICATION NUMBER
Classification number 599.5
100 1# - MAIN ENTRY--PERSONAL NAME
Personal name Davidson, Susanna
245 10 - TITLE STATEMENT
Title Whales and dolphins /
Statement of responsibility, etc. Susanna Davidson ; designed by Nelupa Hussain and Catherine-Anne MacKinnon ; illustrated by John Woodcock ; additional design work by Neil Francis ; consultant: Sónia Mendes ; edited by Rosie Dickins and Gillian Doherty.
260 ## - PUBLICATION, DISTRIBUTION, ETC.
Place of publication, distribution, etc. New York :
Name of publisher, distributor, etc. Scholastic,
Date of publication, distribution, etc. 2003
300 ## - PHYSICAL DESCRIPTION
Extent 48 pages :
Other physical details color illustrations, maps ;
Dimensions 24 cm
500 ## - GENERAL NOTE
General note Originally published: London : Usborne, 2002.
500 ## - GENERAL NOTE
General note "This edition is only available for distribution through the school market"--P. [4] of cover.
500 ## - GENERAL NOTE
General note "Internet-linked"--Cover.
500 ## - GENERAL NOTE
General note Includes index.
505 ## - FORMATTED CONTENTS NOTE
Formatted contents note T <br/><br/><br/>
520 ## - SUMMARY, ETC.
Summary, etc. Provides information about the physical characteristics, behavior and habitats of various kinds of whales and dolphins. Includes descriptions of recommended Web sites whose links are on the Usborne Quicklinks Web site.
521 ## - TARGET AUDIENCE NOTE
Target audience note 810 <br/><br/><br/><br/>
Source Lexile <br/><br/>
521 ## - TARGET AUDIENCE NOTE
Target audience note T <br/><br/><br/>
Source Raz-Plus <br/><br/>
650 #0 - SUBJECT ADDED ENTRY--TOPICAL TERM
Topical term or geographic name entry element Whales
Form subdivision Non-fiction.
650 #0 - SUBJECT ADDED ENTRY--TOPICAL TERM
Topical term or geographic name entry element Dolphins
Form subdivision Non-fiction.
650 #0 - SUBJECT ADDED ENTRY--TOPICAL TERM
Topical term or geographic name entry element Whales
General subdivision Computer network resources
Form subdivision Non-fiction.
650 #0 - SUBJECT ADDED ENTRY--TOPICAL TERM
Topical term or geographic name entry element Dolphins
General subdivision Computer network resources
Form subdivision Non-fiction.
650 #1 - SUBJECT ADDED ENTRY--TOPICAL TERM
Topical term or geographic name entry element Whales.
650 #1 - SUBJECT ADDED ENTRY--TOPICAL TERM
Topical term or geographic name entry element Dolphins.
700 1# - ADDED ENTRY--PERSONAL NAME
Personal name Davidson, Susanna
Dates associated with a name 1953-
Relator term illustrations.
700 1# - ADDED ENTRY--PERSONAL NAME
Personal name Dickins, Rosie.
700 1# - ADDED ENTRY--PERSONAL NAME
Personal name Doherty, Gillian.
906 ## - LOCAL DATA ELEMENT F, LDF (RLIN)
a 7
b cbc
c copycat
d 2
e ncip
f 20
g y-gencatlg
942 ## - ADDED ENTRY ELEMENTS (KOHA)
Source of classification or shelving scheme Dewey Decimal Classification
Koha item type Books
Suppress in OPAC No
999 ## -
-- 740
-- 740
Holdings
Withdrawn status Lost status Source of classification or shelving scheme Damaged status Not for loan Collection Home library Current library Shelving location Date acquired Total Checkouts Full call number Barcode Date last seen Date last checked out Copy number Price effective from Koha item type
    Dewey Decimal Classification     Non-Fiction Footprints International School Library Network Toul Tom Poung Campus Footprints International School Library Network Toul Tom Poung Campus TTP Secondary Non-Fiction Bookshelves 07/05/2023 1 SUS 599.5 QL737.C4 2023-0119 02/06/2024 12/05/2023 1 07/05/2023 Books